000 01081nam a22002411a 4500
999 _c18977
_d18977
001 18977
003 OSt
005 20260204212431.0
008 181108s2018||||dr ||||||b||||||||||spa||
090 _aBIO 2018 F15
100 1 _aFaña Recio, Ángela Zuleika
_esustentante
245 1 _aIncidencia de Artritis Reumatoide en pacientes internos del Asilo de Anciano Inmaculada Concepción, Cotuí / Ángela Zuleika Faña Recio, Juana López Acosta y Anyeli Rodríguez Ramírez ; asesor Eva Abreu
260 _aCotuí, República Dominicana :
_bUTECO,
_c2015
300 _a55 hojas :
_bIlustraciones ,
_c28cm.
502 _aTrabajo de grado (Licenciatura en Bioanálisis) --Universidad Tecnológica del Cibao Oriental, 2015
504 _aIncluye referencia bibliográfica e índice
650 4 _aArtritis reumatoide
700 1 _aLópez Acosta, Juana
_esustentante
700 1 _aRodríguez Ramírez, Anyeli
_esustentante
700 1 _aAbreu, Eva
_easesor
830 _aTesis y disertaciones académicas (Universidad Tecnológica del Cibao Oriental)
942 _2LC
_cTH